<?xml version="1.0" encoding="UTF-8"?>
<record
    xmlns:xsi="http://www.w3.org/2001/XMLSchema-instance"
    xsi:schemaLocation="http://www.loc.gov/MARC21/slim http://www.loc.gov/standards/marcxml/schema/MARC21slim.xsd"
    xmlns="http://www.loc.gov/MARC21/slim">

  <leader>00377    a2200133   4500</leader>
  <controlfield tag="005">20250629121306.0</controlfield>
  <datafield tag="020" ind1=" " ind2=" ">
    <subfield code="a">9976-78-023-0</subfield>
  </datafield>
  <datafield tag="082" ind1=" " ind2=" ">
    <subfield code="a">657.42 LIM</subfield>
  </datafield>
  <datafield tag="100" ind1=" " ind2=" ">
    <subfield code="a">LIMA, J . L</subfield>
  </datafield>
  <datafield tag="245" ind1=" " ind2=" ">
    <subfield code="a">Cost Accounting</subfield>
  </datafield>
  <datafield tag="260" ind1=" " ind2=" ">
    <subfield code="a">Dar Es Salaam</subfield>
    <subfield code="b">National Board of Accountants and Auditors Tanzania</subfield>
    <subfield code="c">2004.</subfield>
  </datafield>
  <datafield tag="300" ind1=" " ind2=" ">
    <subfield code="a">xii,256p.: ill.; figures, tables </subfield>
    <subfield code="b">Index</subfield>
    <subfield code="c">29cm</subfield>
  </datafield>
  <datafield tag="942" ind1=" " ind2=" ">
    <subfield code="2">ddc</subfield>
    <subfield code="c">BKS</subfield>
  </datafield>
  <datafield tag="999" ind1=" " ind2=" ">
    <subfield code="c">6312</subfield>
    <subfield code="d">6312</subfield>
  </datafield>
  <datafield tag="952" ind1=" " ind2=" ">
    <subfield code="r">2025-06-29 12:15:24</subfield>
    <subfield code="l">0</subfield>
    <subfield code="o">657.42 LIM</subfield>
    <subfield code="p">MZA0002785</subfield>
    <subfield code="v">60000.00</subfield>
    <subfield code="w">2025-06-29</subfield>
    <subfield code="y">BKS</subfield>
    <subfield code="1">0</subfield>
    <subfield code="2">ddc</subfield>
    <subfield code="4">0</subfield>
    <subfield code="7">0</subfield>
    <subfield code="0">0</subfield>
    <subfield code="a">003</subfield>
    <subfield code="b">003</subfield>
    <subfield code="c">SPECIAL</subfield>
    <subfield code="d">2020-06-23</subfield>
    <subfield code="e">Library Budget</subfield>
    <subfield code="g">20000.00</subfield>
  </datafield>
  <datafield tag="952" ind1=" " ind2=" ">
    <subfield code="r">2025-06-29 12:15:24</subfield>
    <subfield code="l">0</subfield>
    <subfield code="o">657.42 LIM</subfield>
    <subfield code="p">MZA0002786</subfield>
    <subfield code="v">60000.00</subfield>
    <subfield code="w">2025-06-29</subfield>
    <subfield code="y">BKS</subfield>
    <subfield code="1">0</subfield>
    <subfield code="2">ddc</subfield>
    <subfield code="4">0</subfield>
    <subfield code="7">0</subfield>
    <subfield code="0">0</subfield>
    <subfield code="a">003</subfield>
    <subfield code="b">003</subfield>
    <subfield code="c">SPECIAL</subfield>
    <subfield code="d">2020-06-23</subfield>
    <subfield code="e">Library Budget</subfield>
    <subfield code="g">20000.00</subfield>
  </datafield>
  <datafield tag="952" ind1=" " ind2=" ">
    <subfield code="r">2025-06-29 12:15:24</subfield>
    <subfield code="l">0</subfield>
    <subfield code="o">657.42 LIM</subfield>
    <subfield code="p">MZA0002787</subfield>
    <subfield code="v">60000.00</subfield>
    <subfield code="w">2025-06-29</subfield>
    <subfield code="y">BKS</subfield>
    <subfield code="1">0</subfield>
    <subfield code="2">ddc</subfield>
    <subfield code="4">0</subfield>
    <subfield code="7">0</subfield>
    <subfield code="0">0</subfield>
    <subfield code="a">003</subfield>
    <subfield code="b">003</subfield>
    <subfield code="c">SPECIAL</subfield>
    <subfield code="d">2020-06-23</subfield>
    <subfield code="e">Library Budget</subfield>
    <subfield code="g">20000.00</subfield>
  </datafield>
</record>
